Poistenie v nezamestnanosti
Poistenie v nezamestnanosti a dávka v nezamestnanosti. Dobrovoľné a povinné poistenie v nezamestnanosti. Nárok na dávku v nezamestnanosti.
Guardado en:
| Autor principal: | |
|---|---|
| Formato: | Capítulo de libro |
| Lenguaje: | eslovaco |
| Materias: | |
| Etiquetas: |
Sin Etiquetas, Sea el primero en etiquetar este registro!
|
MARC
| LEADER | 00000naa a2200000 4500 | ||
|---|---|---|---|
| 001 | 0228170 | ||
| 005 | 20170313133103.2 | ||
| 041 | 0 | |a slo | |
| 044 | |a SK | ||
| 245 | 1 | 0 | |a Poistenie v nezamestnanosti |c Sandra Mrukviová Tomiová |
| 520 | |a Poistenie v nezamestnanosti a dávka v nezamestnanosti. Dobrovoľné a povinné poistenie v nezamestnanosti. Nárok na dávku v nezamestnanosti. | ||
| 610 | 2 | 0 | |a poistenie v nezamestnanosti |
| 610 | 2 | 0 | |a poistné |
| 610 | 2 | 0 | |a dávky v nezamestnanosti |
| 100 | 1 | |a Mrukviová Tomiová, Sandra | |